ბათუმის შოთა რუსთაველის სახელმწიფო უნივერსიტეტის ბიბლიოთეკა

მუზეოლოგია : (ბიბ.ჩანაწერი № 47230)

000 -ლიდერი
ფიქსირებული სიგრძის საკონტროლო ველი 01765nam a2200301Ia 4500
001 - საკონტროლო ნომერი
საკონტროლო ველი 14090
003 - საკონტროლო ნომრის იდენტიფიკატორი
საკონტროლო ველი GE_BSU
005 - ბოლო ოპერაციის თარიღი და დრო
საკონტროლო ველი 20241107121002.0
008 - ფიქსირებული სიგრძის მონაცემთა ელემენტები - ზოგადი ინფორმაცია
ფიქსირებული სიგრძის საკონტროლო ველი 181216s2014||||ge |||||||||||||| ||geo||
020 ## - წიგნის საერთაშორისო სტანდარტული ნომერი
International Standard Book Number 9789941940408
040 ## - კატალოგიზაციის წყარო
Transcribing agency GE_BSU
041 ## - ენის კოდი
Language code of text/sound track or separate title geo
080 ## - უნივერსალური ათობითი კლასიფიკაციის ინდექსი
Universal Decimal Classification number 069(042.4) მ-58
100 ## - მთავარი ჩანაწერი - პიროვნების სახელი
Personal name მესხია, ერმილე
9 (RLIN) 1724
245 ## - ცნობა სათაურის შესახებ
Title მუზეოლოგია :
Remainder of title ლექციების კურსი /
Statement of responsibility, etc ერმილე მესხია ; რედ. : მაია ჭიჭილეიშვილი ; ბათუმის ხელოვნების სახელმწ. სასწ. უნ-ტი.
264 ## - წარმოების, გამოცემის, დისტრიბუციის და სხვა ცნობები
გამოცემის, წარმოების, დისტრიბუციის... ადგილი თბილისი :
გამოცემის, წარმოების, დისტრიბუციის... სახელწოდება უნივერსალი,
გამოცემის, წარმოების, დისტრიბუციის... თარიღი 2014.
300 ## - ფიზიკური აღწერა
Extent 569 გვ. ;
Other physical details ილ. ;
Dimensions 21 სმ.
500 ## - ზოგადი შენიშვნა
General note გარეკანზე ავტორი აღნიშნული არ არის
500 ## - ზოგადი შენიშვნა
General note წიგნის გარეკანზე : საქ. თეატრის, მუსიკის, კინოსა და ქორეოგრაფიის სახელმწ. მუზეუმის სიმბოლიკა
500 ## - ზოგადი შენიშვნა
General note ბოლო გარეკანზე : ლომის ფიგურა, ძვ. წ.აღ. XXII ს. (წნორის განძი)
501 ## - შენიშვნა თანმხლებ მასალაზე
With note
504 ## - BIBLIOGRAPHY, ETC. NOTE
Bibliography, etc ბიბლიოგრ. : გვ. 567-569
653 ## - INDEX TERM--UNCONTROLLED
Uncontrolled term მუზეოლოგია
653 ## - INDEX TERM--UNCONTROLLED
Uncontrolled term ლექციების კურსი
700 ## - ADDED ENTRY--PERSONAL NAME
Personal name ჭიჭილეიშვილი, მ. (მაია)
Relator term რედაქტორი
9 (RLIN) 23640
710 ## - ADDED ENTRY--CORPORATE NAME
Corporate name or jurisdiction name as entry element ბათუმის ხელოვნების სახელმწ. სასწ. უნ-ტი
9 (RLIN) 23641
942 ## - ADDED ENTRY ELEMENTS (KOHA)
Koha item type წიგნი
Source of classification or shelving scheme
ეგზემპლარები
ჩამოწერის სტატუსი დაკარგული ეგზემპლარის სტატუსი კლასიფიკაციის წყარო ან თაროზე გაწყობის სქემა დაზიანების სტატუსი არ გაიცემა მუდმივი მდებარეობა (დაცვის ადგილი) ამჟამინდელი ადგილსამყოფელი თაროზე განთავსების ადგილი შეძენის თარიღი სრული შენახვის შიფრი შტრიხკოდი ბოლო ოპერაციის თარიღი ეგზემპლარის მიმდევრობითი ნომერი (კეტერი?) ფასის ძალაში შესვლის თარიღი ეგზემპლარის სახეობა
          ბათუმის შოთა რუსთაველის სახელმწიფო უნივერსიტეტის მთავარი ბიბლიოთეკა ბათუმის შოთა რუსთაველის სახელმწიფო უნივერსიტეტის მთავარი ბიბლიოთეკა წიგნსაცავი 2018-12-17 069(042.4) მ-58 27401 2018-12-17 27401 2018-12-17 წიგნი
          ბათუმის შოთა რუსთაველის სახელმწიფო უნივერსიტეტის მთავარი ბიბლიოთეკა ბათუმის შოთა რუსთაველის სახელმწიფო უნივერსიტეტის მთავარი ბიბლიოთეკა წიგნსაცავი 2018-12-17 069(042.4) მ-58 27402 2018-12-17 27402 2018-12-17 წიგნი